| 000 | 00518cam7a220018100 4500 | ||
|---|---|---|---|
| 001 | qce01127837 | ||
| 005 | 20190822124459.0 | ||
| 008 | 760128s1962 enk 000 0 eng d | ||
| 035 | _a(Sirsi) r9799 | ||
| 035 | _a(QCAT)lss01152648 | ||
| 035 | _a(UPRA)qce01127837 | ||
| 040 | _dUPRA | ||
| 100 | 1 |
_aFigueroa, John J. _6A63122.1 |
|
| 245 | 1 | 0 |
_aLove leaps here / _cby John Figueroa. |
| 260 |
_a[Liverpool : _bPrinted by C. Tinling, _c1962] |
||
| 949 |
_aPR9265.9.F5 _wlcc _i-1311 _mMAIN _tBOOK _lON-SHELF |
||
| 004 | 9799 | ||
| 999 |
_c136838 _d136838 |
||